00613nam a22001697a 4500008004000000020001500040050002000055100002100075245009700096260004300193300001900236440002400255500007200279504003600351650002800387700002800415130912t sp||||| |||| 00| 0 spa d a843396164004aHN377bB68 20011 aBourdieu, Pierre10aContrafuegos 2:bPor un movimiento social europeocPierre Bourdieu ; tr. Joaquín Jordá. aBarcelona, España :bAnagrama,c2001 a118 p.c20 cm. 0aArgumentosnNo. 273 aTraducción de :Contre-feux 2. Pour un mouvement social européen aIncluye bibliografia e índice 4aAcción socialxEuropa1 aJordá, Joaquín, tr.